| 000 | 00370 a2200145 4500 | ||
|---|---|---|---|
| 003 | Nust | ||
| 005 | 20170207170502.0 | ||
| 040 | _cNust | ||
| 082 | _a658 | ||
| 100 | _aChen, Whei-Jen | ||
| 245 |
_aDeveloping PHP applications for IBM data servers (EBOOK) _cWhei-Jen Chen and Holger Kirstein |
||
| 260 |
_aNew York _bIBM _c2006 |
||
| 300 | _a448 p. | ||
| 650 | _aPHP applications | ||
| 942 |
_2ddc _cBK |
||
| 999 |
_c215092 _d215092 |
||